• 首页
  • 本馆介绍
  • 公告通知
  • 最新文献
  • 馆藏检索
  • 电子资源
  • 读者导购
  • 参考咨询
  • 我的图书馆
  • 登录
  • 详细信息显示
  • 放入我的书架
  • 预约/预借图书
  • 作者相关作品
  • 分类相关作品
  • 丛书相关作品
  • 出版社相关作品

书目信息

  • 表格格式
  • 工作单格式
  • 卡片格式
题名:
欧洲近代生活
    
 
作者: 范迪尔门 著 ;王亚平 译
分册:   家与人
出版信息: 北京   东方出版社  2003
页数: 369页
开本: 21cm
丛书名:
单 册:
中图分类: K504
科图分类:
主题词: 家庭生活--欧洲--近代 , 文化史--欧洲--近代
电子资源:
ISBN: 7-5060-1728-8
000 01219nam0 2200277 450
001 TS2006005965
005 20061205144736.54
010    @a7-5060-1728-8@dCNY26.00
092    @aCN@bTS01-006314
100    @a20060829d2003 em y0chiy0110 ea
101 1  @achi@cger
102    @aCN@b110000
105    @aa z 001yy
200 1  @a欧洲近代生活@Aou zhou jin dai sheng huo@i家与人@IJia Yu Ren@f(德)里夏德·范迪尔门(Richard van Dulmen)著@F( De ) Li Xia De· Fan Di Er Men (Richard van Dulmen) Zhu@g王亚平译
210    @a北京@c东方出版社@d2003
215    @a369页@c照片@d21cm
305    @a据德国慕尼黑C.H.贝克出版社1999年版译出,并授权出版
330    @a本书描述的是“近代早期的文化和日常生活”,阐述城乡居民在居住范围内的生活。它涉及的是德国历史学新开辟的文化学这个领域,反映了当前的研究状况,既可以通过它了解人,也可以了解20年来文化史方面研究者和教学的情况。
510 1  @aKultur und Alltag in der Fruhen Neuzeit@eDas Haus und Seine Menschen@zger
606 0  @a家庭生活@y欧洲@z近代
606 0  @a文化史@y欧洲@z近代
690    @aK504@v4
701  0 @c(德)@a范迪尔门@Afan di er men@c(Dulmen, Richard van)@4著
702  0 @a王亚平@Awang ya ping@c(翻译)@4译
801  0 @aCN@b中图数据@c20061205
905    @a10447@dK504@e12
    
    欧洲近代生活.家与人/(德)里夏德·范迪尔门(Richard van Dulmen)著/王亚平译.-北京:东方出版社,2003
    369页:照片;21cm
    
    
    ISBN 7-5060-1728-8:CNY26.00
    本书描述的是“近代早期的文化和日常生活”,阐述城乡居民在居住范围内的生活。它涉及的是德国历史学新开辟的文化学这个领域,反映了当前的研究状况,既可以通过它了解人,也可以了解20年来文化史方面研究者和教学的情况。
●
相关链接 在E读中查询图书 在五车中查询图书 在当当中查询图书 在豆瓣中查询图书


正题名:欧洲近代生活     索取号:K504/12         预约/预借

序号 登录号 条形码 馆藏地/架位号 状态 备注
1 0616598   206165987   第二样本阅览室/ [索取号:K504/12] 在馆    
2 0616599   206165996   第二借阅区/ [索取号:K504/12] 在馆    
3 0616600   206166003   第二借阅区/ [索取号:K504/12] 在馆    
4 0616601   206166012   第二借阅区/ [索取号:K504/12] 在馆    
5 0616602   206166021   第二借阅区/ [索取号:K504/12] 在馆    
唐山师范学院图书馆 欢迎您!
大连网信软件有限公司© 版权所有